00685nam a2200217Ia 450000500170000000800410001702000100005804000190006804100120008708200160009910000220011524500420013726000430017930000210022250400500024365000270029385000100032094200070033099900160033795201140035320230128091758.0131103s9999 xx 000 0 und d cRs.15 aLoreto College aEnglish a954.01bLAW aLaw,Narendra Nath aAge of the RigvedacNarendra Nath Law aCalcuttabFirma K.L.Mukhopadhyayc1965 avii,xvi,166,[4]  aIncludes index and bibliographical references aAncient Indian History aLCLIB cBK c9261d59740 00102ddc4070aMAINbMAINd2013-11-04l2o954.01 LAW 13987pB9137r2024-02-12s2024-02-07w2013-11-04yBKf